000 00780cab a2200229 4500
001 ABS45506
008 090401t1991 xxu||||| |||| 00| 0 eng d
035 _a(Sirsi) u53456
041 _aeng
100 _aBoden, P.
245 _aWhat is buildability?
260 _c1991
350 _a0
490 _aEstates Gazette
_v(9146) 23 November 1991, 76-77(2)
520 _aThe advantages of using good `buildability` techniques in construction projects include cost savings, improved team work and quality of workmanship and greater chance of projects being completed on time. Defines the term `buildability`.
650 _aBUILDABILITY
650 _aDESIGN TEAM
690 _aBUILT ENVIRONMENT
690 _aProject management
_96261
942 _n0
948 _c04/03/1997
999 _c32950
_d32950